2023 All Blacks - Statistics

General Stats
  • This quiz has been taken 9 times
    7 since last reset
  • The average score is 15 of 37
Answer Stats
Position Name % Correct
First Five-Eighth Beauden Barrett
100%
Second Five-Eighth Jordie Barrett
100%
Lock Scott Barrett
100%
Halfback Aaron Smith
80%
Loose Forward Ardie Savea
80%
First Five-Eighth Damian McKenzie
80%
Prop Ethan DeGroot
80%
Center Rieko Ioane
80%
Lock Sam Whitelock
80%
Second Five-Eighth Anton Lienert-Brown
60%
Halfback Finlay Christie
60%
Right Winger Mark Telea
60%
Loose Forward Sam Cane
60%
Prop Tamaiti Williams
60%
Fullback Will Jordan
60%
Lock Brodie Retallick
40%
Left Winger Caleb Clarke
40%
Halfback Cam Roigard
40%
Hooker Codie Taylor
40%
Loose Forward Dalton Papali’i
40%
Hooker Dane Coles
40%
First Five-Eighth Richie Mo’unga
40%
Prop Fletcher Newell
20%
Prop Nepo Laulala
20%
Prop Tyrel Lomax
20%
Center Braydon Ennor
0%
Second Five-Eighth Dallas McLeod
0%
Right Winger Emoni Narawa
0%
Lock Josh Lord
0%
Left Winger Leicester Fainga’anuku
0%
Loose Forward Luke Jacobson
0%
Prop Ofa Tu'ungafasi
0%
Lock Samipeni Finau
0%
Hooker Samisoni Taukei’aho
0%
Loose Forward Shannon Frizell
0%
Right Winger Shaun Stevenson
0%
Lock Tupou Vaa’i
0%
No matching quizzes found
Score Distribution
Percent of People with Each Score
Percentile by Number Answered
Your Score History
You have not taken this quiz since the last reset